LIBRARY ONLINE CATALOGUE

The Panther and the lash : (Record no. 10624)

MARC details
000 -LEADER
fixed length control field 00504nam a22001812 4500
001 - CONTROL NUMBER
control field 0000002818
005 - DATE AND TIME OF LATEST TRANSACTION
control field 20151217154335.0
008 - FIXED-LENGTH DATA ELEMENTS--GENERAL INFORMATION
fixed length control field 070420s xx 000 0 eng d
040 ## - CATALOGING SOURCE
Original cataloging agency KABU
Transcribing agency KABU
050 #0 - LIBRARY OF CONGRESS CALL NUMBER
Classification number PS3515
Item number .U35P36
100 1# - MAIN ENTRY--PERSONAL NAME
Personal name Hughes, Langston.
-- 0000152330
245 14 - TITLE STATEMENT
Title The Panther and the lash :
Remainder of title poems of our times.
260 ## - PUBLICATION, DISTRIBUTION, ETC. (IMPRINT)
Place of publication, distribution, etc. New York :
Name of publisher, distributor, etc. A. A., Knopf,
Date of publication, distribution, etc. 1967.
300 ## - PHYSICAL DESCRIPTION
Extent 101 p.
908 ## - PUT COMMAND PARAMETER (RLIN)
Put command parameter 070420
950 ## - LOCAL HOLDINGS (RLIN)
-- 1
Holdings
Withdrawn status Lost status Source of classification or shelving scheme Not for loan Home library Current library Date acquired Total Checkouts Full call number Barcode Date last seen Date last checked out Price effective from Koha item type
    Library of Congress Classification   Kabarak, Main Campus Kabarak, Main Campus 17/12/2015 2 PS3515 .U35P36 004518 13/02/2024 05/02/2024 17/12/2015 General Collection